| 000 | 00783nam a2200229 u 4500 | ||
|---|---|---|---|
| 005 | 20240314063648.0 | ||
| 008 | 140903s2008 ea r 000 0 spa d | ||
| 020 | _a1404837957 (10 Dígitos) | ||
| 020 | _a9781404837959 (13 Dígitos) | ||
| 035 | _aUPN01000199326 | ||
| 049 | _aI | ||
| 050 | 4 |
_aPZ7 _bK5.39 |
|
| 100 | 1 |
_aKlein, Adria Fay, _d1947- _936044 |
|
| 245 | 1 | 0 |
_aMax come al aire libre / _cAdria F. Klein ; il. Mernie Gallagher-Cole ; tr. Sol Robledo. |
| 260 |
_aMinneapolis, E.U.A. : _bPicture Window Books, _c2008. |
||
| 300 |
_a24 p. : _bprincipalmente il. col. |
||
| 440 | 0 |
_aRead-it! readers. _pNivel Rojo |
|
| 534 |
_pTítulo original: _tMax goes to a cookourt |
||
| 650 | 4 |
_aCuentos infantiles estadounidenses _910762 |
|
| 905 | _aInfantil | ||
| 999 |
_c171427 _d171427 |
||